000 01073nam a2200289 c 4500
003 BLK
005 20230406030256.0
008 180411b bul|||||r ||||||| ||bul||
010 _aKNG00182994000
040 _aBLK
041 _aBUL
_cBUL
080 _aБългарска литература
_b821.163.2
_x-1
_z821.163.2-1
700 1 _aКуюмджиев, Кръстьо
_eподб. и предг.
_9376214
139 _aХристов, Кирил
_bХ 78
245 1 0 _aИзбрани стихотворения
_cКирил Христов; подб. и предг. Кръстьо Куюмджиев.
257 _aBGR
260 София
_bБълг. писател
_c1968
300 _a196 с.
_c25 см
380 _aX
490 1 _aБиблиотека за ученика
852 _aЦб 46264
856 4 _qpdf
_u
856 4 _qpdf
_u
942 _cKNG
_n0
944 _aCR
_c30.09.2015
_kХристина_Везирева
944 _aED
_c21.09.2017
_kВася_Ганчева
999 _c174508
_d174508